| 000 | 00736cam a22002172 4500 | ||
|---|---|---|---|
| 001 | 0000008393 | ||
| 005 | 20151217145839.0 | ||
| 008 | 080409s xx 000 0 eng d | ||
| 020 |
_a8177587536 : _cKES 5250 |
||
| 040 |
_aKABU _cKABU |
||
| 100 | 1 |
_aFutrell. Robert T. _@0000158949 |
|
| 245 | 1 | 0 |
_aQuality software project management / _cRobert T. Futrell, Donald F. Shafer, Linda I. Shafer. |
| 260 |
_aNew Delhi : _bDorling Kindersley, _c2002. |
||
| 300 | _axxxvi, 1603 p. | ||
| 650 | 0 |
_aComputer software _xDevelopment _xManagement. _@0000154567 |
|
| 700 | 1 |
_aShafer, Donald F. _@0000155655 |
|
| 700 | 1 |
_aShafer, Linda I. _@0000155656 |
|
| 908 | _a080409 | ||
| 950 | _@1 | ||
| 999 |
_c3250 _d3250 |
||